Jeremy Renner - All The Movies - Statistics

General Stats
  • This quiz has been taken 7 times
  • The average score is 18 of 42
Answer Stats
Picture Answer % Correct
Hawkeye (2021)
100%
Wake Up Dead Man: A Knives Out Mystery (2025)
100%
Arrival (2016)
86%
Avengers: Age Of Ultron (2015)
86%
Avengers: Endgame (2019)
86%
Captain America: Civil War (2016)
86%
The Avengers (2012)
86%
What If…? (2021)
86%
Mission: Impossible - Rogue Nation (2015)
71%
Mission: Impossible - Ghost Protocol (2011)
57%
S.W.A.T. (2003)
57%
Tag (2018)
57%
The Bourne Legacy (2012)
57%
The Hurt Locker (2008)
57%
The Town (2010)
57%
Wind River (2017)
57%
28 Weeks Later (2007)
43%
American Hustle (2013)
43%
Dahmer (2002)
43%
Hansel & Gretel: Witch Hunters (2013)
43%
Mayor Of Kingstown (2021)
43%
A Little Trip To Heaven (2005)
29%
Arctic Dogs (2019)
29%
Kill The Messenger (2014)
29%
Monkey Love (2002)
29%
Neo Ned (2005)
29%
Take (2008)
29%
The Immigrant (2013)
29%
12 And Holding (2006)
14%
A Friend’s Betrayal (1996)
14%
A Nightmare Come True (1997)
14%
Fish In A Barrel (2001)
14%
Ingenious (2009)
14%
Love Comes To The Executioner (2006)
14%
National Lampoon’s Senior Trip (1995)
14%
North Country (2005)
14%
Paper Dragons (1996)
14%
The Assassination Of Jesse James By The Coward Robert Ford (2007)
14%
The Heart Is Deceitful Above All Things (2004)
14%
The House (2017)
14%
The Net (1998)
14%
The Unusuals (2009)
14%
No matching quizzes found
Score Distribution
Percent of People with Each Score
Percentile by Number Answered
Your Score History
You have not taken this quiz